[Event "World op 53rd"]
[Site "Philadephia"]
[Date "2025.07.06"]
[Round "9"]
[White "Bharath, Subramaniyam H"]
[Black "Narayanan, Samrug"]
[Result "1-0"]
[WhiteElo "2561"]
[BlackElo "2418"]
[PlyCount "149"]
[EventDate "2025.07.03"]
[EventType "swiss"]
[EventRounds "9"]
[EventCountry "USA"]
[SourceTitle "CB28_2025"]
[SourceDate "2025.07.09"]
[SourceVersion "1"]
[SourceVersionDate "2025.07.09"]
[SourceQuality "1"]

1. e4 e5 2. Nf3 Nc6 3. Bc4 Bc5 4. d3 Nf6 5. 0-0 0-0 6. h3 h6 7. Re1 d6 8. c3 a5 9. Bb3 Bb6 10. d4 Re8 11. Bc2 exd4 12. cxd4 Nb4 13. Nc3 Nxc2 14. Qxc2 c6 15. Bf4 Be6 16. Be3 d5 17. e5 Nd7 18. Ne2 Nf8 19. Nf4 Qd7 20. Qd2 Bf5 21. Nh5 Bg6 22. Ng3 Bd8 23. Nh2 Nh7 24. f4 h5 25. Qf2 h4 26. Ne2 Qf5 27. Nf3 Qh5 28. Kh2 Bf5 29. Rh1 Nf8 30. Kg1 Be4 31. Nd2 Bf5 32. Nf3 Ne6 33. g4 hxg3 34. Nxg3 Qg6 35. Kh2 Qh7 36. Qg2 Kf8 37. Raf1 b6 38. Ng5 Bxg5 39. fxg5 Bg6 40. Qf3 Ke7 41. h4 Rh8 42. Kg1 Bh5 43. Qf2 Raf8 44. Qd2 Qg6 45. Qc3 Kd7 46. Qa3 Nc7 47. Nf5 Re8 48. Rh2 Nb5 49. Qb3 a4 50. Qxa4 Bg4 51. Ng3 f6 52. Qb3 fxg5 53. Bxg5 Ref8 54. Rhf2 Rxf2 55. Rxf2 Kc7 56. Rf4 Qb1+ 57. Kg2 Bd1 58. Qb4 Re8 59. a4 Qc2+ 60. Rf2 Qxa4 61. Rf7+ Kc8 62. Qxa4 Bxa4 63. Nf5 g6 64. Ne7+ Kd7 65. Nxg6+ Kc8 66. Ne7+ Kd7 67. Rg7 Ke6 68. Nxc6 Bc2 69. Kf3 Rc8 70. Kf4 Rf8+ 71. Bf6 Rxf6+ 72. exf6 Kxf6 73. Rb7 Nd6 74. Rxb6 Nc4 75. Rb8 1-0

[Event "Philadelphia op 18th"]
[Site "Philadelphia"]
[Date "2025.06.28"]
[Round "5"]
[White "Bharath, Subramaniyam H"]
[Black "Deng, Henry"]
[Result "0-1"]
[WhiteElo "2558"]
[BlackElo "2327"]
[PlyCount "134"]
[EventDate "2025.06.26"]
[EventType "swiss"]
[EventRounds "9"]
[EventCountry "USA"]
[SourceTitle "CB28_2025"]
[SourceDate "2025.07.09"]
[SourceVersion "1"]
[SourceVersionDate "2025.07.09"]
[SourceQuality "1"]

1. d4 d5 2. Bf4 c5 3. e3 Nf6 4. Nd2 Nc6 5. c3 e6 6. Ngf3 cxd4 7. exd4 Nh5 8. Be3 Bd6 9. Bd3 Nf4 10. Bxf4 Bxf4 11. 0-0 g6 12. Re1 0-0 13. g3 Bh6 14. Nf1 Bg7 15. Ne3 Qd6 16. Qe2 Bd7 17. Rad1 Rfe8 18. h4 Rad8 19. h5 e5 20. hxg6 hxg6 21. dxe5 Nxe5 22. Be4 Nxf3+ 23. Bxf3 Bc6 24. Qd3 d4 25. Nc4 Rxe1+ 26. Rxe1 Qc7 27. Bxc6 Qxc6 28. Nd2 Qb6 29. Qc2 dxc3 30. bxc3 Qc7 31. Re3 b5 32. Ne4 Qc4 33. Qb3 Qxb3 34. axb3 a5 35. c4 bxc4 36. bxc4 a4 37. Nc3 Bd4 38. Nxa4 Bxe3 39. fxe3 Kf8 40. Kf2 Rb8 41. c5 Rb5 42. Kf3 Ke7 43. c6 Kd6 44. Nc3 Rf5+ 45. Ke4 Kxc6 46. Ne2 Kd6 47. Nf4 Ra5 48. Ne2 Ke6 49. Nd4+ Kf6 50. Kf3 Ra1 51. Ne2 Ke5 52. Nf4 Ra6 53. Nd3+ Kf5 54. Nc5 Ra1 55. Nd3 Ra4 56. Nb2 Re4 57. Nd3 g5 58. Nf2 g4+ 59. Ke2 Ra4 60. Nd1 Ra3 61. Nf2 Ra2+ 62. Kf1 Rxf2+ 63. Kxf2 Ke4 64. Ke2 f5 65. Kf2 Kd3 66. e4 fxe4 67. Ke1 Ke3 0-1

[Event "Sharjah Masters-A 8th"]
[Site "Sharjah"]
[Date "2025.05.20"]
[Round "4"]
[White "Bharath, Subramaniyam H"]
[Black "Idani, Pouya"]
[Result "1/2-1/2"]
[WhiteElo "2556"]
[BlackElo "2630"]
[PlyCount "161"]
[EventDate "2025.05.17"]
[EventType "swiss"]
[EventRounds "9"]
[EventCountry "UAE"]
[SourceTitle "CB22_2025"]
[SourceDate "2025.05.28"]
[SourceVersion "1"]
[SourceVersionDate "2025.05.28"]
[SourceQuality "1"]

1. e4 c5 2. Nf3 d6 3. d4 cxd4 4. Nxd4 Nf6 5. Nc3 a6 6. Be3 e5 7. Nf3 Be7 8. Bc4 Be6 9. Bxe6 fxe6 10. Ng5 Qd7 11. Qf3 Nc6 12. Qh3 Nd8 13. 0-0-0 h6 14. Bb6 0-0 15. Bxd8 hxg5 16. Bxe7 Qxe7 17. Rd2 Rac8 18. Re1 Rc6 19. Qg3 b5 20. Qxg5 Qc7 21. Qe3 Rc8 22. a3 Qb8 23. Nb1 a5 24. Ree2 b4 25. h4 Qb5 26. Qb3 Kf7 27. a4 Qa6 28. Qf3 Rh8 29. g3 Rf8 30. b3 Kg8 31. Kb2 Qb7 32. Qe3 Rfc8 33. f3 Qc7 34. Kc1 Qf7 35. Kb2 Nh5 36. Qg5 Nf6 37. Rh2 d5 38. exd5 Nxd5 39. h5 Qf6 40. Qxf6 gxf6 41. Rd1 Ne3 42. Rc1 Kh7 43. Rd2 Kh6 44. c3 Nf5 45. Rdc2 Ne3 46. Rd2 Kxh5 47. Rd3 Nd5 48. c4 Kg6 49. Nd2 Nc3 50. Rh1 f5 51. Rd7 R8c7 52. Rd8 Ne2 53. Re1 Nc3 54. Rxe5 Rh7 55. Rxa5 Rh2 56. Kc2 Rc7 57. Ra6 Kf6 58. Rb6 Ke7 59. Rd3 Nd5 60. Rb8 f4 61. gxf4 Nxf4 62. Rdd8 Rc5 63. Re8+ Kd7 64. Rbd8+ Kc7 65. Rc8+ Kb6 66. Rxc5 Kxc5 67. a5 Rh1 68. Rc8+ Kd4 69. Rd8+ Ke3 70. c5 Rh2 71. c6 Nd5 72. c7 Nxc7 73. Rd3+ Ke2 74. Nc4 Rh5 75. Re3+ Kf2 76. Kd3 Rd5+ 77. Ke4 Ne8 78. Kf4 Rf5+ 79. Ke4 Rd5 80. Kf4 Rf5+ 81. Ke4 1/2-1/2

[Event "Asia-ch"]
[Site "Al Ain"]
[Date "2025.05.11"]
[Round "5"]
[White "Begmuratov, Khumoyun"]
[Black "Bharath, Subramaniyam H"]
[Result "1/2-1/2"]
[WhiteElo "2461"]
[BlackElo "2556"]
[PlyCount "76"]
[EventDate "2025.05.07"]
[EventType "swiss"]
[EventRounds "9"]
[EventCountry "UAE"]
[SourceTitle "CB21_2025"]
[SourceDate "2025.05.21"]
[SourceVersion "1"]
[SourceVersionDate "2025.05.21"]
[SourceQuality "1"]

1. e4 e5 2. Nf3 Nc6 3. Bc4 Nf6 4. d3 h6 5. c3 d6 6. a4 g6 7. a5 a6 8. Qb3 Qe7 9. Nbd2 Bg7 10. Nf1 0-0 11. Ne3 Nd8 12. 0-0 Ne6 13. Qc2 Nf4 14. Re1 c6 15. d4 Nh7 16. dxe5 dxe5 17. h4 Be6 18. b3 Rfd8 19. Ba3 Qf6 20. Rad1 Bf8 21. Bxf8 Nxf8 22. Bxe6 Qxe6 23. g3 Nh5 24. Kg2 f6 25. b4 Ng7 26. Qe2 h5 27. Nc4 Ne8 28. Nfd2 Nc7 29. Nb6 Rab8 30. Ndc4 Nb5 31. Rd3 Qe7 32. Red1 Kg7 33. R1d2 Rxd3 34. Qxd3 Qf7 35. Qe3 Qe7 36. Qd3 Qf7 37. Qe3 Qe7 38. Qd3 Qf7 1/2-1/2

[Event "Titled Tuesday intern op 06th May Early"]
[Site "Chess.com INT"]
[Date "2025.05.06"]
[Round "7"]
[White "Bharath, Subramaniyam H"]
[Black "Erdogmus, Yagiz Kaan"]
[Result "1-0"]
[WhiteElo "2556"]
[BlackElo "2618"]
[PlyCount "95"]
[EventDate "2025.05.06"]
[EventType "swiss (blitz)"]
[EventRounds "11"]
[EventCountry "USA"]
[SourceTitle "CB20_2025"]
[SourceDate "2025.05.14"]
[SourceVersion "1"]
[SourceVersionDate "2025.05.14"]
[SourceQuality "1"]

1. b3 d5 2. Bb2 Nf6 3. Nf3 Bf5 4. Nh4 Bg6 5. e3 e6 6. Nxg6 hxg6 7. c4 Bd6 8. g3 c6 9. Bg2 g5 10. 0-0 Nbd7 11. d4 Rh6 12. Nc3 Bb4 13. Qe2 Qe7 14. Rac1 g4 15. Rfd1 Kf8 16. Nb1 g6 17. a3 Bd6 18. b4 Kg7 19. Nd2 Rah8 20. Nf1 Rh5 21. e4 dxe4 22. Bxe4 Nxe4 23. Qxe4 Nf6 24. Qg2 Kg8 25. Re1 Qd8 26. Rcd1 Bf8 27. d5 cxd5 28. cxd5 exd5 29. Ne3 Rxh2 30. Qxh2 Rxh2 31. Kxh2 Bg7 32. Kg1 Ne4 33. Nxd5 Bxb2 34. Rxe4 Qg5 35. Ne3 Bxa3 36. Rd5 Qf6 37. Nxg4 Qa1+ 38. Kg2 Kg7 39. Rf4 Qa2 40. Rd3 Bc1 41. Rff3 Qe6 42. Nh2 Qe4 43. Rd7 Kh6 44. Rdxf7 Qxb4 45. Kh3 Kg5 46. R3f6 Qe4 47. Nf3+ Kh6 48. Nh4 1-0

[Event "Titled Tuesday intern op 06th May Early"]
[Site "Chess.com INT"]
[Date "2025.05.06"]
[Round "1"]
[White "Kopczynski, Michal"]
[Black "Bharath, Subramaniyam H"]
[Result "0-1"]
[WhiteElo "2225"]
[BlackElo "2556"]
[PlyCount "88"]
[EventDate "2025.05.06"]
[EventType "swiss (blitz)"]
[EventRounds "11"]
[EventCountry "USA"]
[SourceTitle "CB20_2025"]
[SourceDate "2025.05.14"]
[SourceVersion "1"]
[SourceVersionDate "2025.05.14"]
[SourceQuality "1"]

1. e4 c6 2. d4 d5 3. Nc3 g6 4. e5 Bg7 5. f4 Nh6 6. Nf3 Bg4 7. Be3 Nf5 8. Bf2 h5 9. Bd3 e6 10. h3 Bxf3 11. Qxf3 h4 12. 0-0-0 Na6 13. Bxf5 exf5 14. Rhe1 Nc7 15. Na4 b6 16. Kb1 Qd7 17. Re3 Ne6 18. Ra3 Bf8 19. Rb3 Be7 20. Qc3 b5 21. Nc5 Bxc5 22. dxc5 a5 23. Qf3 a4 24. Rbd3 b4 25. c4 bxc3 26. Rxc3 Rb8 27. Rd2 Rb4 28. Be3 0-0 29. g4 hxg3 30. Qxg3 Qb7 31. Rcc2 Rb8 32. h4 Ng7 33. Bd4 a3 34. Qxa3 Ra8 35. Qg3 Qa6 36. a3 Nh5 37. Qf3 Qxa3 38. Qxa3 Rxa3 39. Bc3 Rb5 40. Rg2 Nxf4 41. Rg5 Ne6 42. Rg1 Nxc5 43. h5 Ne4 44. Kc1 Ra1# 0-1

[Event "Titled Tuesday intern op 01st Apr Early"]
[Site "Chess.com INT"]
[Date "2025.04.01"]
[Round "3"]
[White "Bharath, Subramaniyam H"]
[Black "Marra, Eduardo da Costa"]
[Result "1-0"]
[WhiteElo "2567"]
[BlackElo "2223"]
[PlyCount "45"]
[EventDate "2025.04.01"]
[EventType "swiss (blitz)"]
[EventRounds "11"]
[EventCountry "USA"]
[SourceTitle "CB15_2025"]
[SourceDate "2025.04.09"]
[SourceVersion "1"]
[SourceVersionDate "2025.04.09"]
[SourceQuality "1"]

1. Nf3 Nf6 2. g3 g6 3. b3 Bg7 4. Bb2 0-0 5. Bg2 c5 6. c4 Nc6 7. 0-0 d6 8. d4 d5 9. cxd5 Nxd5 10. e4 Nc7 11. Na3 Nxd4 12. Nxd4 cxd4 13. Rc1 e5 14. Nc4 Re8 15. f4 exf4 16. gxf4 Nb5 17. e5 f6 18. a4 Nc3 19. Bxc3 dxc3 20. Nd6 fxe5 21. Rxc3 exf4 22. Rxc8 Rxc8 23. Qd5+ 1-0

[Event "Titled Tuesday intern op 01st Apr Early"]
[Site "Chess.com INT"]
[Date "2025.04.01"]
[Round "6"]
[White "Gkavardinas, Antonios"]
[Black "Bharath, Subramaniyam H"]
[Result "1/2-1/2"]
[WhiteElo "2302"]
[BlackElo "2567"]
[PlyCount "83"]
[EventDate "2025.04.01"]
[EventType "swiss (blitz)"]
[EventRounds "11"]
[EventCountry "USA"]
[SourceTitle "CB15_2025"]
[SourceDate "2025.04.09"]
[SourceVersion "1"]
[SourceVersionDate "2025.04.09"]
[SourceQuality "1"]

1. e4 c6 2. d4 d5 3. Nc3 g6 4. h3 Bg7 5. Nf3 Nh6 6. Bd3 0-0 7. 0-0 f6 8. Re1 Nf7 9. Qe2 e5 10. exd5 cxd5 11. dxe5 fxe5 12. Rd1 Qa5 13. b4 Qxb4 14. Nxd5 Qc5 15. Be4 Nc6 16. a4 Rd8 17. Ba3 Qa5 18. c3 Be6 19. Qb5 Bf8 20. Bxf8 Kxf8 21. Qxa5 Nxa5 22. Nc7 Bb3 23. Rdb1 Rac8 24. Nb5 a6 25. Na3 Rxc3 26. Kh2 Bxa4 27. Rc1 Rxc1 28. Rxc1 b5 29. Rc7 b4 30. Nb1 b3 31. Nc3 Bd7 32. Bd5 Nd6 33. Nxe5 Be8 34. Ne4 Nxe4 35. Bxe4 b2 36. Nf3 Rd1 37. Ng5 b1Q 38. Nxh7+ Kg8 39. Nf6+ Kf8 40. Nh7+ Kg8 41. Nf6+ Kf8 42. Nh7+ 1/2-1/2

[Event "Titled Tuesday intern op 01st Apr Early"]
[Site "Chess.com INT"]
[Date "2025.04.01"]
[Round "2"]
[White "Sutormin, Danila"]
[Black "Bharath, Subramaniyam H"]
[Result "1-0"]
[WhiteElo "2381"]
[BlackElo "2567"]
[PlyCount "67"]
[EventDate "2025.04.01"]
[EventType "swiss (blitz)"]
[EventRounds "11"]
[EventCountry "USA"]
[SourceTitle "CB15_2025"]
[SourceDate "2025.04.09"]
[SourceVersion "1"]
[SourceVersionDate "2025.04.09"]
[SourceQuality "1"]

1. e4 c6 2. d4 d5 3. Nd2 g6 4. c3 Bg7 5. Ngf3 Nh6 6. h3 0-0 7. Bd3 dxe4 8. Nxe4 Nf5 9. 0-0 Nd7 10. Re1 b6 11. Bg5 h6 12. Bf4 Nf6 13. Nxf6+ exf6 14. Qd2 Kh7 15. Re2 Be6 16. Rae1 Ne7 17. Qc2 f5 18. Ne5 Nd5 19. Bh2 Rc8 20. Qa4 c5 21. dxc5 Rxc5 22. Qxa7 f4 23. Nxg6 fxg6 24. Rxe6 Nf6 25. Bc2 f3 26. Re7 Rg8 27. Bb3 Nd5 28. Rd7 Qg5 29. g4 h5 30. Be5 Rc7 31. Bxc7 hxg4 32. Bg3 Qd2 33. Rf1 gxh3 34. Bxd5 1-0